| 000 | 00738nam a2200181 i 4500 | ||
|---|---|---|---|
| 001 | 165215 | ||
| 003 | ES-MaACL | ||
| 005 | 20250727024455.0 | ||
| 008 | 001117s1895 it a |||| | ita d | ||
| 040 |
_aCCPB | B _bspa _cCCPB | B |
||
| 100 | 1 |
_aSergi, Giuseppe ( _d1841-1936) _9105546 |
|
| 245 | 1 | 0 |
_aOrigine e diffusione della stirpe mediterranea _b: induzioni antropologiche / _cG. Sergi. |
| 260 |
_aRoma : _bDante Alighieri, _c1895. |
||
| 300 |
_aVI, 114 p. : _bil. ; _c23 cm. |
||
| 650 | 7 |
_aAntropología física _2embne _99893 |
|
| 852 |
_aES-MaACL _jT-1247-F _z-- Enc. hol. conservando la cub. original _z-- Enc. en un vol. facticio _x-- Edic.: La pág. es: VIII, 144 p., [1] h. pleg. de mapa |
||
| 999 |
_c165215 _d165215 |
||